{"text_format":"3","workbook":"xlsx","n_sheets":6,"sheets":["Pokyny pro vyplnění","Stavba","VzorPolozky","SO 03 1 Pol","SO 03 2 Pol","SO 03 3 Pol"],"not_rendered":{"external_links":1,"defined_names":68,"comments":4},"read":"whole","date_system":"1900"}

{"sheet":"Pokyny pro vyplnění","index":0,"n_rows":2,"n_cols":1,"rows_kept":2,"hidden":true,"merged":[[1,0,1,6]]}
["Pokyny pro vyplnění"]
["Ve všech listech tohoto souboru můžete měnit pouze buňky s modrým pozadím. Jedná se o tyto údaje : \n- údaje o firmě\n- jednotkové ceny položek zadané na maximálně dvě desetinná místa"]

{"sheet":"Stavba","index":1,"n_rows":65,"n_cols":10,"rows_kept":65,"merged":[[0,1,0,9],[1,4,1,9],[2,4,2,9],[3,4,3,9],[4,3,4,6],[5,3,5,6],[6,4,6,6],[10,3,10,6],[11,3,11,6],[12,4,12,6],[14,4,14,5],[14,6,14,7],[14,8,14,9],[15,4,15,5],[15,6,15,7],[15,8,15,9],[16,4,16,5],[16,6,16,7],[16,8,16,9],[17,4,17,5],[17,6,17,7],[17,8,17,9],[18,4,18,5],[18,6,18,7],[18,8,18,9],[19,4,19,5],[19,6,19,7],[19,8,19,9],[20,4,20,5],[20,6,20,7],[20,8,20,9],[22,6,22,8],[23,6,23,8],[24,6,24,8],[25,6,25,8],[26,6,26,8],[27,6,27,8],[28,6,28,8],[33,3,33,4],[33,6,33,8],[34,3,34,4],[38,2,38,4],[39,2,39,4],[40,2,40,4],[41,2,41,4],[42,2,42,4],[43,1,43,4],[50,2,50,4],[51,2,51,4],[52,2,52,4],[53,2,53,4],[54,2,54,4],[55,2,55,4],[56,2,56,4],[57,2,57,4],[58,2,58,4],[59,2,59,4],[60,2,60,4],[61,2,61,4],[62,2,62,4],[63,2,63,4]]}
["#RTSROZP#","Položkový rozpočet stavby"]
[null,"Stavba:",null,"25_044_N","Oprava rozvodů ležaté kanalizace v MŠ Dvořákova 23"]
[]
[]
[null,"Objednatel:",null,"Statutární město Přerov",{"$nulls":3},"IČO:","_00301825"]
[{"$nulls":3},"Bratrská 34/709",{"$nulls":3},"DIČ:"]
[{"$nulls":3},"750 02","Přerov"]
[null,"Projektant:",{"$nulls":5},"IČO:"]
[{"$nulls":7},"DIČ:"]
[]
[null,"Zhotovitel:",null,"ZJS - Realizace staveb s.r.o.",{"$nulls":3},"IČO:",28611942]
[{"$nulls":3},"Kratochvílova 41",{"$nulls":3},"DIČ:","CZ 28611942"]
[{"$nulls":3},"750 02 ","Přerov"]
[null,"Vypracoval:"]
[null,"Rozpis ceny",{"$nulls":6},"Celkem"]
["HSV","HSV",{"$nulls":6},{"v":90714.75,"d":"90,714.75"}]
["PSV","PSV",{"$nulls":6},{"v":156084.66,"d":"156,084.66"}]
["MON","MON",{"$nulls":6},{"v":0,"d":"0.00"}]
["VN","Vedlejší náklady",{"$nulls":6},{"v":0,"d":"0.00"}]
["ON","Ostatní náklady",{"$nulls":6},{"v":0,"d":"0.00"}]
[null,"Celkem",{"$nulls":6},{"$f":"SUM(I16:J20)","v":{"v":246799.41,"d":"246,799.41"}}]
[null,"Rekapitulace daní"]
[null,"Základ pro sníženou DPH",null,null,12,"%",{"v":0,"d":"0.00"},null,null,{"$f":"Mena","v":"CZK"}]
[null,"Snížená DPH ",null,null,{"$f":"SazbaDPH1","v":12},"%",{"v":0,"d":"0.00"},null,null,"CZK"]
[null,"Základ pro základní DPH",null,null,21,"%",{"v":246799.41,"d":"246,799.41"},null,null,"CZK"]
[null,"Základní DPH ",null,null,{"$f":"SazbaDPH2","v":21},"%",{"v":51827.88,"d":"51,827.88"},null,null,"CZK"]
[null,"Zaokrouhlení",{"$nulls":4},{"v":0,"d":"0.00"},null,null,"CZK"]
[null,"Cena celkem bez DPH",{"$nulls":4},{"v":246799.41,"d":"246,799.41"},null,null,"CZK"]
[null,"Cena celkem s DPH",{"$nulls":4},{"v":298627.29,"d":"298,627.29"},null,null,"CZK"]
[]
[]
[null,null,"v",null,null,"dne"]
[]
[]
[{"$nulls":3},"Za zhotovitele",{"$nulls":3},"Za objednatele"]
[]
[null,"Rekapitulace dílčích částí"]
["#CASTI>>","Číslo","Název",null,null,{"$f":"B23","v":"Základ pro sníženou DPH"},{"$f":"B25","v":"Základ pro základní DPH"},"DPH celkem","Cena celkem","%"]
[{"v":1,"d":"1.00"},"Stavba",{"$nulls":3},{"v":0,"d":"0.00"},{"v":246799.41,"d":"246,799.41"},{"v":51827.88,"d":"51,827.88"},{"v":298627.29,"d":"298,627.29"},{"$f":"IF(CenaCelkemVypocet=0,\"\",I39/CenaCelkemVypocet*100)","v":100}]
[{"v":2,"d":"2.00"},"SO 03","Víceprace, Méněpráce ",null,null,{"v":0,"d":"0.00"},{"v":246799.41,"d":"246,799.41"},{"v":51827.88,"d":"51,827.88"},{"v":298627.29,"d":"298,627.29"},{"$f":"IF(CenaCelkemVypocet=0,\"\",I40/CenaCelkemVypocet*100)","v":100}]
[{"v":3,"d":"3.00"},"1","Rozpočet VCP",null,null,{"v":0,"d":"0.00"},{"v":320463.21,"d":"320,463.21"},{"v":67297.27,"d":"67,297.27"},{"v":387760.48,"d":"387,760.48"},{"$f":"IF(CenaCelkemVypocet=0,\"\",I41/CenaCelkemVypocet*100)","v":{"v":129.84763716671708,"d":"130"}}]
[{"v":3,"d":"3.00"},"2","Rozpočet MNP, Levá část_01",null,null,{"v":0,"d":"0.00"},{"v":-32338.4,"d":"-32,338.40"},{"v":-6791.06,"d":"-6,791.06"},{"v":-39129.46,"d":"-39,129.46"},{"$f":"IF(CenaCelkemVypocet=0,\"\",I42/CenaCelkemVypocet*100)","v":{"v":-13.103109230238136,"d":"-13"}}]
[{"v":3,"d":"3.00"},"3","Rozpočet MNP, Pravá část_01",null,null,{"v":0,"d":"0.00"},{"v":-41325.4,"d":"-41,325.40"},{"v":-8678.33,"d":"-8,678.33"},{"v":-50003.73,"d":"-50,003.73"},{"$f":"IF(CenaCelkemVypocet=0,\"\",I43/CenaCelkemVypocet*100)","v":{"v":-16.74452793647895,"d":"-17"}}]
[null,"Celkem za stavbu",{"$nulls":3},{"$f":"SUMIF(A39:A43,\"=1\",F39:F43)","v":{"v":0,"d":"0.00"}},{"$f":"SUMIF(A39:A43,\"=1\",G39:G43)","v":{"v":246799.41,"d":"246,799.41"}},{"$f":"SUMIF(A39:A43,\"=1\",H39:H43)","v":{"v":51827.88,"d":"51,827.88"}},{"$f":"SUMIF(A39:A43,\"=1\",I39:I43)","v":{"v":298627.29,"d":"298,627.29"}},{"$f":"SUMIF(A39:A43,\"=1\",J39:J43)","v":100}]
[]
[]
[]
[null,"Rekapitulace dílů"]
[]
[null,"Číslo","Název",null,null,"Typ dílu",null,null,"Celkem","%"]
[null,"3","Svislé a kompletní konstrukce",null,null,"HSV",null,null,895.02,{"$f":"IF(I65=0,\"\",I51/I65*100)","v":{"v":0.3626507859155741,"d":"0.4"}}]
[null,"4","Vodorovné konstrukce",null,null,"HSV",null,null,{"v":6792.6,"d":"6,792.60"},{"$f":"IF(I65=0,\"\",I52/I65*100)","v":{"v":2.752275623349343,"d":"2.8"}}]
[null,"61","Úpravy povrchů vnitřní",null,null,"HSV",null,null,{"v":8188.32,"d":"8,188.32"},{"$f":"IF(I65=0,\"\",I53/I65*100)","v":{"v":3.3178037176020805,"d":"3.3"}}]
[null,"63","Podlahy a podlahové konstrukce",null,null,"HSV",null,null,{"v":83207.1,"d":"83,207.10"},{"$f":"IF(I65=0,\"\",I54/I65*100)","v":{"v":33.7144647144821,"d":"33.7"}}]
[null,"8","Trubní vedení",null,null,"HSV",null,null,{"v":-52929,"d":"-52,929.00"},{"$f":"IF(I65=0,\"\",I55/I65*100)","v":{"v":-21.446161479883603,"d":"-21.4"}}]
[null,"96","Bourání konstrukcí",null,null,"HSV",null,null,{"v":7355.5,"d":"7,355.50"},{"$f":"IF(I65=0,\"\",I56/I65*100)","v":{"v":2.98035558512883,"d":"3.0"}}]
[null,"720","Zdravotechnická instalace",null,null,"PSV",null,null,{"v":82203,"d":"82,203.00"},{"$f":"IF(I65=0,\"\",I57/I65*100)","v":{"v":33.30761609195095,"d":"33.3"}}]
[null,"721","Vnitřní kanalizace",null,null,"PSV",null,null,{"v":-5862,"d":"-5,862.00"},{"$f":"IF(I65=0,\"\",I58/I65*100)","v":{"v":-2.3752082713649925,"d":"-2.4"}}]
[null,"766","Konstrukce truhlářské, okna a dveře",null,null,"PSV",null,null,946.95,{"$f":"IF(I65=0,\"\",I59/I65*100)","v":{"v":0.3836921652284339,"d":"0.4"}}]
[null,"771","Podlahy z dlaždic a obklady",null,null,"PSV",null,null,{"v":41215.3,"d":"41,215.30"},{"$f":"IF(I65=0,\"\",I60/I65*100)","v":{"v":16.699918366903717,"d":"16.7"}}]
[null,"776","Podlahy a stěny povlakové",null,null,"PSV",null,null,{"v":39505.16,"d":"39,505.16"},{"$f":"IF(I65=0,\"\",I61/I65*100)","v":{"v":16.006991264687382,"d":"16.0"}}]
[null,"781","Obklady keramické",null,null,"PSV",null,null,{"v":12949.05,"d":"12,949.05"},{"$f":"IF(I65=0,\"\",I62/I65*100)","v":{"v":5.246791311210995,"d":"5.2"}}]
[null,"784","Malby",null,null,"PSV",null,null,{"v":-14872.8,"d":"-14,872.80"},{"$f":"IF(I65=0,\"\",I63/I65*100)","v":{"v":-6.0262704841960515,"d":"-6.0"}}]
[null,"D96","Přesuny suti a vybouraných hmot",null,null,"PSU",null,null,{"v":37205.21,"d":"37,205.21"},{"$f":"IF(I65=0,\"\",I64/I65*100)","v":{"v":15.075080608985248,"d":"15.1"}}]
[null,"Cena celkem",{"$nulls":6},{"$f":"SUM(I51:I64)","v":{"v":246799.41,"d":"246,799.41"}},{"$f":"SUM(J51:J64)","v":{"v":100.00000000000001,"d":"100.0"}}]

{"sheet":"VzorPolozky","index":2,"n_rows":4,"n_cols":1,"rows_kept":4,"hidden":true,"merged":[[0,0,0,6],[1,2,1,6],[2,2,2,6],[3,2,3,6]]}
["Položkový rozpočet "]
["S:"]
["O:"]
["R:"]

{"sheet":"SO 03 1 Pol","index":3,"n_rows":129,"n_cols":53,"rows_kept":129,"merged":[[0,0,0,6],[1,2,1,6],[2,2,2,6],[3,2,3,6],[19,2,19,6],[23,2,23,6],[45,2,45,6],[66,2,66,6],[107,2,107,6],[108,2,108,6],[116,2,116,6],[126,2,126,6]]}
["Položkový rozpočet ",{"$nulls":31},"#TypZaznamu#"]
["S:","25_044_N","Oprava rozvodů ležaté kanalizace v MŠ Dvořákova 23",{"$nulls":29},"STA"]
["O:","SO 03","Víceprace, Méněpráce ",{"$nulls":25},"STA",{"$nulls":3},"OBJ"]
["R:","1","Rozpočet VCP",{"$nulls":29},"ROZ"]
[]
["P.č.","Číslo položky","Název položky","MJ","Množství","Cena / MJ","Celkem","Dodávka","Dodávka celk.","Montáž","Montáž celk.","DPH","Cena s DPH","Hmotnost / MJ","Hmotnost celk.(t)","Dem. hmotnost / MJ","Dem. hmotnost celk.(t)","Ceník","Cen. soustava / platnost","Cenová úroveň","Nhod / MJ","Nhod celk.","Dodavatel","Typ položky","Stav položky"]
[]
["Díl:","3","Svislé a kompletní konstrukce",{"$nulls":3},895.02,null,477.83,null,417.19,{"$nulls":21},"DIL"]
[1,"346244313R00","Obezdívka van a WC modulů z pórobetonu tloušťky 100 mm","m2",{"v":0.84,"d":"0.84000"},{"v":1065.5,"d":"1,065.50"},895.02,568.85,{"v":477.834,"d":"477.83"},496.65,{"v":417.186,"d":"417.19"},{"v":21,"d":"21.00"},{"v":1082.9741999999999,"d":"1,082.97"},0.07392,{"v":0.0620928,"d":"0.06209"},{"v":0,"d":"0.00000"},{"v":0,"d":"0.00000"},null,"RTS 25/ I","Indiv",{"v":0.777,"d":"0.78"},{"v":0.65268,"d":"0.65"},null,"Práce","Běžná",{"$nulls":7},"POL1_"]
[null,null,"provedeno : (1,3+1,3)*1,4",null,{"v":3.64,"d":"3.64000"},{"$nulls":27},"VV",0]
[null,null,"- hodnota v rozpočtu : -2,8",null,{"v":-2.8,"d":"-2.80000"},{"$nulls":27},"VV",0]
["Díl:","4","Vodorovné konstrukce",{"$nulls":3},{"v":6792.6,"d":"6,792.60"},null,{"v":3489.46,"d":"3,489.46"},null,{"v":3303.14,"d":"3,303.14"},{"$nulls":21},"DIL"]
[2,"430321314R00","Beton schodišťových konstrukcí železový C 20/25","m3",{"v":0.34,"d":"0.34000"},{"v":6050,"d":"6,050.00"},{"v":2057,"d":"2,057.00"},{"v":3587.29,"d":"3,587.29"},{"v":1219.6786000000002,"d":"1,219.68"},{"v":2462.71,"d":"2,462.71"},{"v":837.3214,"d":"837.32"},{"v":21,"d":"21.00"},{"v":2488.97,"d":"2,488.97"},2.52508,{"v":0.8585272,"d":"0.85853"},{"v":0,"d":"0.00000"},{"v":0,"d":"0.00000"},null,"RTS 25/ I","RTS 25/ I",{"v":3.675,"d":"3.68"},{"v":1.2495,"d":"1.25"},null,"Práce","Běžná",{"$nulls":7},"POL1_"]
[null,null,"dobetonování pódia : 2,0*0,75*0,2+1,0*0,2*0,2",null,{"v":0.34,"d":"0.34000"},{"$nulls":27},"VV",0]
[3,"434351141R00","Bednění stupňů přímočarých - zřízení","m2",{"v":0.4,"d":"0.40000"},{"v":2495,"d":"2,495.00"},{"v":998,"d":"998.00"},{"v":1438.23,"d":"1,438.23"},{"v":575.292,"d":"575.29"},{"v":1056.77,"d":"1,056.77"},{"v":422.708,"d":"422.71"},{"v":21,"d":"21.00"},{"v":1207.58,"d":"1,207.58"},{"v":0.0169,"d":"0.01690"},{"v":6.7599999999999995E-3,"d":"0.00676"},{"v":0,"d":"0.00000"},{"v":0,"d":"0.00000"},null,"RTS 25/ I","RTS 25/ I",{"v":1.5396,"d":"1.54"},{"v":0.61584,"d":"0.62"},null,"Práce","Běžná",{"$nulls":7},"POL1_"]
[null,null,"dobetonování pódia : 1,0*0,4",null,{"v":0.4,"d":"0.40000"},{"$nulls":27},"VV",0]
[4,"434351142R00","Bednění stupňů přímočarých - odstranění","m2",{"v":0.4,"d":"0.40000"},{"v":156.5,"d":"156.50"},{"v":62.6,"d":"62.60"},{"v":0,"d":"0.00"},{"v":0,"d":"0.00"},{"v":156.5,"d":"156.50"},{"v":62.6,"d":"62.60"},{"v":21,"d":"21.00"},{"v":75.746,"d":"75.75"},{"v":0,"d":"0.00000"},{"v":0,"d":"0.00000"},{"v":0,"d":"0.00000"},{"v":0,"d":"0.00000"},null,"RTS 25/ I","RTS 25/ I",0.26,{"v":0.10400000000000001,"d":"0.10"},null,"Práce","Běžná",{"$nulls":7},"POL1_"]
[null,null,"Odkaz na mn. položky pořadí 3 : 0,40000",null,{"v":0.4,"d":"0.40000"},{"$nulls":27},"VV",5]
[5,"451573111R00","Lože pod potrubí, stoky a drobné objekty z písku a štěrkopísku  do 65 mm","m3",{"v":3,"d":"3.00000"},{"v":1225,"d":"1,225.00"},{"v":3675,"d":"3,675.00"},564.83,{"v":1694.4900000000002,"d":"1,694.49"},660.17,{"v":1980.5099999999998,"d":"1,980.51"},{"v":21,"d":"21.00"},{"v":4446.75,"d":"4,446.75"},1.89077,5.67231,{"v":0,"d":"0.00000"},{"v":0,"d":"0.00000"},null,"RTS 25/ I","Indiv",{"v":1.317,"d":"1.32"},{"v":3.9509999999999996,"d":"3.95"},null,"Práce","Běžná",{"$nulls":7},"POL1_"]
[null,null,"v otevřeném výkopu,",{"$nulls":29},"POP"]
[null,null,"kromě lože proveden i obsyp potrubí --> 3 m3 navíc : 3",null,{"v":3,"d":"3.00000"},{"$nulls":27},"VV",0]
["Díl:","61","Úpravy povrchů vnitřní",{"$nulls":3},{"v":8188.32,"d":"8,188.32"},null,{"v":1660.47,"d":"1,660.47"},null,{"v":6527.85,"d":"6,527.85"},{"$nulls":21},"DIL"]
[6,"601014144R00","Štuk na stropech Salith MHF PII ručně","m2",{"v":3.36,"d":"3.36000"},{"v":244.5,"d":"244.50"},821.52,37.38,{"v":125.5968,"d":"125.60"},207.12,{"v":695.9232,"d":"695.92"},{"v":21,"d":"21.00"},{"v":994.0391999999999,"d":"994.04"},{"v":3.98E-3,"d":"0.00398"},{"v":0.013372799999999999,"d":"0.01337"},{"v":0,"d":"0.00000"},{"v":0,"d":"0.00000"},null,"RTS 25/ I","RTS 25/ I",0.31,{"v":1.0415999999999999,"d":"1.04"},null,"Práce","Běžná",{"$nulls":7},"POL1_"]
[null,null,"Včetně pomocného lešení.",{"$nulls":29},"POP"]
[null,null,"místnost 003 - dětské wc : 3,36",null,{"v":3.36,"d":"3.36000"},{"$nulls":27},"VV",0]
[7,"602014144R00","Štuk vnitřní i vnější Salith MHF PII ručně","m2",{"v":10.36,"d":"10.36000"},{"v":210.5,"d":"210.50"},{"v":2180.78,"d":"2,180.78"},23.23,{"v":240.6628,"d":"240.66"},187.27,{"v":1940.1172,"d":"1,940.12"},{"v":21,"d":"21.00"},{"v":2638.7438,"d":"2,638.74"},{"v":0.0034,"d":"0.00340"},{"v":0.035224,"d":"0.03522"},{"v":0,"d":"0.00000"},{"v":0,"d":"0.00000"},null,"RTS 25/ I","RTS 25/ I",0.28,{"v":2.9008000000000003,"d":"2.90"},null,"Práce","Běžná",{"$nulls":7},"POL1_"]
[null,null,"místnost 003 dětské wc : (2,4+1,3)*2*1,4",null,{"v":10.36,"d":"10.36000"},{"$nulls":27},"VV",0]
[8,"611481211RU1","Montáž výztužné sítě (perlinky) do stěrky - stropy vnitřní včetně výztužné sítě a stěrkového tmelu ","m2",{"v":3.36,"d":"3.36000"},{"v":472,"d":"472.00"},{"v":1585.92,"d":"1,585.92"},{"v":123.5,"d":"123.50"},414.96,{"v":348.5,"d":"348.50"},{"v":1170.96,"d":"1,170.96"},{"v":21,"d":"21.00"},{"v":1918.9632000000001,"d":"1,918.96"},0.00536,{"v":0.0180096,"d":"0.01801"},{"v":0,"d":"0.00000"},{"v":0,"d":"0.00000"},null,"RTS 25/ I","RTS 25/ I",{"v":0.484,"d":"0.48"},{"v":1.62624,"d":"1.63"},null,"Práce","Běžná",{"$nulls":7},"POL1_"]
[null,null,"místnost 003 - dětské wc : 3,36",null,{"v":3.36,"d":"3.36000"},{"$nulls":27},"VV",0]
[9,"612481211RT2","Montáž výztužné sítě (perlinky) do stěrky - vnitřní stěny včetně výztužné sítě a stěrkového tmelu ","m2",{"v":10.36,"d":"10.36000"},{"v":347.5,"d":"347.50"},{"v":3600.1,"d":"3,600.10"},84.87,{"v":879.2532,"d":"879.25"},262.63,{"v":2720.8468,"d":"2,720.85"},{"v":21,"d":"21.00"},{"v":4356.121,"d":"4,356.12"},0.00367,{"v":0.0380212,"d":"0.03802"},{"v":0,"d":"0.00000"},{"v":0,"d":"0.00000"},null,"RTS 25/ I","RTS 25/ I",{"v":0.362,"d":"0.36"},{"v":3.75032,"d":"3.75"},null,"Práce","Běžná",{"$nulls":7},"POL1_"]
[null,null,"místnost 003 dětské wc : (2,4+1,3)*2*1,4",null,{"v":10.36,"d":"10.36000"},{"$nulls":27},"VV",0]
["Díl:","63","Podlahy a podlahové konstrukce",{"$nulls":3},{"v":83207.1,"d":"83,207.10"},null,{"v":65523.03,"d":"65,523.03"},null,{"v":17684.07,"d":"17,684.07"},{"$nulls":21},"DIL"]
[10,"632411125_VL01","Potěr ze SMS, ruční zpracování, tl. 25 mm pouze provedení","m2",{"v":80.7,"d":"80.70000"},{"v":336,"d":"336.00"},{"v":27115.2,"d":"27,115.20"},237.61,{"v":19175.127,"d":"19,175.13"},98.39,{"v":7940.073,"d":"7,940.07"},{"v":21,"d":"21.00"},{"v":32809.392,"d":"32,809.39"},{"v":0.0473,"d":"0.04730"},{"v":3.8171100000000004,"d":"3.81711"},{"v":0,"d":"0.00000"},{"v":0,"d":"0.00000"},null,"Vlastní","Indiv",{"v":0.3285,"d":"0.33"},{"v":26.509950000000003,"d":"26.51"},null,"Práce","Běžná",{"$nulls":7},"POL1_"]
[null,null,"009 : 42,5",null,{"v":42.5,"d":"42.50000"},{"$nulls":27},"VV",0]
[null,null,"023 : 3,2",null,{"v":3.2,"d":"3.20000"},{"$nulls":27},"VV",0]
[null,null,"přelití z kuchyně do chodeb : 25",null,{"v":25,"d":"25.00000"},{"$nulls":27},"VV",0]
[null,null,"lokální vyrovnávky : 10",null,{"v":10,"d":"10.00000"},{"$nulls":27},"VV",0]
[11,"912      R00","Hzs - Zedník tř.7","h",{"v":16,"d":"16.00000"},{"v":585,"d":"585.00"},{"v":9360,"d":"9,360.00"},{"v":0,"d":"0.00"},{"v":0,"d":"0.00"},{"v":585,"d":"585.00"},{"v":9360,"d":"9,360.00"},{"v":21,"d":"21.00"},{"v":11325.6,"d":"11,325.60"},{"v":0,"d":"0.00000"},{"v":0,"d":"0.00000"},{"v":0,"d":"0.00000"},{"v":0,"d":"0.00000"},"Prav.M","RTS 25/ I","Indiv",{"v":1,"d":"1.00"},{"v":16,"d":"16.00"},null,"HZS","Běžná",{"$nulls":7},"POL10_"]
[null,null,"montáž výztužné síťky vč. kotvení natlokací hmoždinky, 2 lidi 8h : 2*8",null,{"v":16,"d":"16.00000"},{"$nulls":27},"VV",0]
[12,"235215931R","Stěrka samonivelační cementová Mapei Ultraplan Renovation","kg",{"v":1840,"d":"1,840.00000"},{"v":23.3,"d":"23.30"},{"v":42872,"d":"42,872.00"},{"v":23.3,"d":"23.30"},{"v":42872,"d":"42,872.00"},{"v":0,"d":"0.00"},{"v":0,"d":"0.00"},{"v":21,"d":"21.00"},{"v":51875.119999999995,"d":"51,875.12"},{"v":1E-3,"d":"0.00100"},{"v":1.84,"d":"1.84000"},{"v":0,"d":"0.00000"},{"v":0,"d":"0.00000"},"SPCM","RTS 25/ I","RTS 25/ I",{"v":0,"d":"0.00"},{"v":0,"d":"0.00"},null,"Specifikace","Běžná",{"$nulls":7},"POL3_"]
[null,null,"dodáno 80 pytlů, 1 pytel 23 kg : 80*23",null,{"v":1840,"d":"1,840.00000"},{"$nulls":27},"VV",0]
[13,"31121114R","Podložka 02 1726 otvor 3,2 mm","1000 ks",{"v":0.4,"d":"0.40000"},{"v":256,"d":"256.00"},{"v":102.4,"d":"102.40"},{"v":256,"d":"256.00"},{"v":102.4,"d":"102.40"},{"v":0,"d":"0.00"},{"v":0,"d":"0.00"},{"v":21,"d":"21.00"},{"v":123.904,"d":"123.90"},0.00021,{"v":8.4000000000000009E-5,"d":"0.00008"},{"v":0,"d":"0.00000"},{"v":0,"d":"0.00000"},"SPCM","RTS 25/ I","RTS 25/ I",{"v":0,"d":"0.00"},{"v":0,"d":"0.00"},null,"Specifikace","Běžná",{"$nulls":7},"POL3_"]
[14,"311733316R","Hmoždinka natloukací DK Mont 6 x 60 mm","100 ks",{"v":2,"d":"2.00000"},{"v":133,"d":"133.00"},{"v":266,"d":"266.00"},{"v":133,"d":"133.00"},{"v":266,"d":"266.00"},{"v":0,"d":"0.00"},{"v":0,"d":"0.00"},{"v":21,"d":"21.00"},321.86,{"v":0,"d":"0.00000"},{"v":0,"d":"0.00000"},{"v":0,"d":"0.00000"},{"v":0,"d":"0.00000"},"SPCM","RTS 25/ I","RTS 25/ I",{"v":0,"d":"0.00"},{"v":0,"d":"0.00"},null,"Specifikace","Běžná",{"$nulls":7},"POL3_"]
[15,"63127241R","Tkanina skelná výztužná Vertex Grid G120 - 120 g/m2","m2",{"v":55,"d":"55.00000"},{"v":56.5,"d":"56.50"},{"v":3107.5,"d":"3,107.50"},{"v":56.5,"d":"56.50"},{"v":3107.5,"d":"3,107.50"},{"v":0,"d":"0.00"},{"v":0,"d":"0.00"},{"v":21,"d":"21.00"},{"v":3760.075,"d":"3,760.08"},{"v":1.2E-4,"d":"0.00012"},{"v":6.6E-3,"d":"0.00660"},{"v":0,"d":"0.00000"},{"v":0,"d":"0.00000"},"SPCM","RTS 25/ I","RTS 25/ I",{"v":0,"d":"0.00"},{"v":0,"d":"0.00"},null,"Specifikace","Běžná",{"$nulls":7},"POL3_"]
[16,"00526 R","Finanční náklady","Soubor",{"v":384,"d":"384.00000"},{"v":1,"d":"1.00"},{"v":384,"d":"384.00"},{"v":0,"d":"0.00"},{"v":0,"d":"0.00"},{"v":1,"d":"1.00"},{"v":384,"d":"384.00"},{"v":21,"d":"21.00"},464.64,{"v":0,"d":"0.00000"},{"v":0,"d":"0.00000"},{"v":0,"d":"0.00000"},{"v":0,"d":"0.00000"},null,"RTS 25/ I","Indiv",{"v":0,"d":"0.00"},{"v":0,"d":"0.00"},null,"VRN","Běžná",{"$nulls":7},"POL99_8"]
[null,null,"Náklady zhotovitele, které vznikají v souvislosti se zajištěním požadavků objednatele na obvyklá zajištění závazku splnit dílo nebo některou ze smluvních povinností.",{"$nulls":29},"POP",{"$nulls":19},{"$f":"C46","v":"Náklady zhotovitele, které vznikají v souvislosti se zajištěním požadavků objednatele na obvyklá zajištění závazku splnit dílo nebo některou ze smluvních povinností."}]
[null,null,"dovoz materiálu pro vyztužení síťkou 2x6km x 32kč/km : 2*6*32",null,{"v":384,"d":"384.00000"},{"$nulls":27},"VV",0]
["Díl:","96","Bourání konstrukcí",{"$nulls":3},{"v":7355.5,"d":"7,355.50"},null,{"v":0,"d":"0.00"},null,{"v":7355.5,"d":"7,355.50"},{"$nulls":21},"DIL"]
[17,"139601102R00","Ruční výkop jam, rýh a šachet v hornině tř. 3","m3",{"v":1.188,"d":"1.18800"},{"v":1815,"d":"1,815.00"},{"v":2156.22,"d":"2,156.22"},{"v":0,"d":"0.00"},{"v":0,"d":"0.00"},{"v":1815,"d":"1,815.00"},{"v":2156.22,"d":"2,156.22"},{"v":21,"d":"21.00"},{"v":2609.0262,"d":"2,609.03"},{"v":0,"d":"0.00000"},{"v":0,"d":"0.00000"},{"v":0,"d":"0.00000"},{"v":0,"d":"0.00000"},null,"RTS 25/ I","RTS 25/ I",{"v":3.533,"d":"3.53"},{"v":4.197203999999999,"d":"4.20"},null,"Práce","Běžná",{"$nulls":7},"POL1_"]
[null,null,"místnost 005, pódium : 5,4*0,55*0,4",null,{"v":1.188,"d":"1.18800"},{"$nulls":27},"VV",0]
[18,"162201203R00","Vodorovné přemístění výkopku + suti, do 10 m, kolečkem","m3",{"v":1.782,"d":"1.78200"},{"v":354,"d":"354.00"},630.83,{"v":0,"d":"0.00"},{"v":0,"d":"0.00"},{"v":354,"d":"354.00"},{"v":630.828,"d":"630.83"},{"v":21,"d":"21.00"},{"v":763.3043,"d":"763.30"},{"v":0,"d":"0.00000"},{"v":0,"d":"0.00000"},{"v":0,"d":"0.00000"},{"v":0,"d":"0.00000"},null,"RTS 25/ I","RTS 25/ I",{"v":0.668,"d":"0.67"},{"v":1.190376,"d":"1.19"},null,"Práce","Běžná",{"$nulls":7},"POL1_"]
[null,null,"místnost 005, pódium : 5,4*0,55*0,6",null,{"v":1.782,"d":"1.78200"},{"$nulls":27},"VV",0]
[19,"167101201R00","Nakládání výkopku + suti - ručně","m3",{"v":1.782,"d":"1.78200"},{"v":1027,"d":"1,027.00"},{"v":1830.11,"d":"1,830.11"},{"v":0,"d":"0.00"},{"v":0,"d":"0.00"},{"v":1027,"d":"1,027.00"},{"v":1830.114,"d":"1,830.11"},{"v":21,"d":"21.00"},{"v":2214.4330999999997,"d":"2,214.43"},{"v":0,"d":"0.00000"},{"v":0,"d":"0.00000"},{"v":0,"d":"0.00000"},{"v":0,"d":"0.00000"},null,"RTS 25/ I","RTS 25/ I",{"v":1.938,"d":"1.94"},{"v":3.453516,"d":"3.45"},null,"Práce","Běžná",{"$nulls":7},"POL1_"]
[null,null,"Odkaz na mn. položky pořadí 18 : 1,78200",null,{"v":1.782,"d":"1.78200"},{"$nulls":27},"VV",5]
[20,"965042231RT2","Bourání mazanin betonových tl. nad 10 cm, pl. 4 m2 ručně tl. mazaniny 15 - 20 cm","m3",{"v":0.594,"d":"0.59400"},{"v":4610,"d":"4,610.00"},{"v":2738.34,"d":"2,738.34"},{"v":0,"d":"0.00"},{"v":0,"d":"0.00"},{"v":4610,"d":"4,610.00"},{"v":2738.3399999999997,"d":"2,738.34"},{"v":21,"d":"21.00"},{"v":3313.3914,"d":"3,313.39"},{"v":0,"d":"0.00000"},{"v":0,"d":"0.00000"},{"v":2.2,"d":"2.20000"},{"v":1.3068,"d":"1.30680"},null,"RTS 25/ I","RTS 25/ I",9.07,{"v":5.38758,"d":"5.39"},null,"Práce","Běžná",{"$nulls":7},"POL1_"]
[null,null,"místnost 005, pódium : 5,4*0,55*0,2",null,{"v":0.594,"d":"0.59400"},{"$nulls":27},"VV",0]
["Díl:","720","Zdravotechnická instalace",{"$nulls":3},{"v":82203,"d":"82,203.00"},null,{"v":0,"d":"0.00"},null,{"v":82203,"d":"82,203.00"},{"$nulls":21},"DIL"]
[21,"73515_VL01","Vícepráce na zdravotně-technických instalacích viz samostatný rozpočet","soubor",{"v":1,"d":"1.00000"},{"v":79453,"d":"79,453.00"},{"v":79453,"d":"79,453.00"},{"v":0,"d":"0.00"},{"v":0,"d":"0.00"},{"v":79453,"d":"79,453.00"},{"v":79453,"d":"79,453.00"},{"v":21,"d":"21.00"},{"v":96138.12999999999,"d":"96,138.13"},{"v":0,"d":"0.00000"},{"v":0,"d":"0.00000"},{"v":0,"d":"0.00000"},{"v":0,"d":"0.00000"},null,"Vlastní","Indiv",{"v":0,"d":"0.00"},{"v":0,"d":"0.00"},null,"Práce","Běžná",{"$nulls":7},"POL1_"]
[22,"912      R00","Hzs - Zedník tř.7","h",{"v":5.5,"d":"5.50000"},{"v":500,"d":"500.00"},{"v":2750,"d":"2,750.00"},{"v":0,"d":"0.00"},{"v":0,"d":"0.00"},{"v":500,"d":"500.00"},{"v":2750,"d":"2,750.00"},{"v":21,"d":"21.00"},{"v":3327.5,"d":"3,327.50"},{"v":0,"d":"0.00000"},{"v":0,"d":"0.00000"},{"v":0,"d":"0.00000"},{"v":0,"d":"0.00000"},"Prav.M","RTS 25/ I","Indiv",{"v":1,"d":"1.00"},{"v":5.5,"d":"5.50"},null,"HZS","Běžná",{"$nulls":7},"POL10_"]
[null,null,"montáž korugovaných trub pro dočasné odvodnění dešťových vod : 3",null,{"v":3,"d":"3.00000"},{"$nulls":27},"VV",0]
[null,null,"demontáž korugovaných trub + smotání + naložení na dopr. prostředek : 1",null,{"v":1,"d":"1.00000"},{"$nulls":27},"VV",0]
[null,null,"dovoz + odvoz trub + uložení na skladě : 1,5",null,{"v":1.5,"d":"1.50000"},{"$nulls":27},"VV",0]
["Díl:","766","Konstrukce truhlářské, okna a dveře",{"$nulls":3},946.95,null,{"v":0,"d":"0.00"},null,946.95,{"$nulls":21},"DIL"]
[23,"766112820R00","Demontáž dřevěných stěn prosklených","m2",{"v":4.5,"d":"4.50000"},{"v":77.1,"d":"77.10"},346.95,{"v":0,"d":"0.00"},{"v":0,"d":"0.00"},{"v":77.1,"d":"77.10"},346.95,{"v":21,"d":"21.00"},{"v":419.80949999999996,"d":"419.81"},{"v":0,"d":"0.00000"},{"v":0,"d":"0.00000"},0.01638,0.07371,null,"RTS 25/ I","RTS 25/ I",0.12,0.54,null,"Práce","Běžná",{"$nulls":7},"POL1_"]
[null,null,"v chodbě 018 : 1,5*3,0",null,{"v":4.5,"d":"4.50000"},{"$nulls":27},"VV",0]
[24,"00526 R","Finanční náklady","Soubor",{"v":600,"d":"600.00000"},{"v":1,"d":"1.00"},{"v":600,"d":"600.00"},{"v":0,"d":"0.00"},{"v":0,"d":"0.00"},{"v":1,"d":"1.00"},{"v":600,"d":"600.00"},{"v":21,"d":"21.00"},{"v":726,"d":"726.00"},{"v":0,"d":"0.00000"},{"v":0,"d":"0.00000"},{"v":0,"d":"0.00000"},{"v":0,"d":"0.00000"},null,"RTS 25/ I","Indiv",{"v":0,"d":"0.00"},{"v":0,"d":"0.00"},null,"VRN","Běžná",{"$nulls":7},"POL99_8"]
[null,null,"Náklady zhotovitele, které vznikají v souvislosti se zajištěním požadavků objednatele na obvyklá zajištění závazku splnit dílo nebo některou ze smluvních povinností.",{"$nulls":29},"POP",{"$nulls":19},{"$f":"C67","v":"Náklady zhotovitele, které vznikají v souvislosti se zajištěním požadavků objednatele na obvyklá zajištění závazku splnit dílo nebo některou ze smluvních povinností."}]
[null,null,"odvoz prosklených dveří + likvidace : 600",null,{"v":600,"d":"600.00000"},{"$nulls":27},"VV",0]
["Díl:","771","Podlahy z dlaždic a obklady",{"$nulls":3},{"v":41215.3,"d":"41,215.30"},null,{"v":13879.52,"d":"13,879.52"},null,{"v":27335.78,"d":"27,335.78"},{"$nulls":21},"DIL"]
[25,"711714110R00","Provedení nátěru adhezní hmotou","m2",{"v":120.76,"d":"120.76000"},{"v":51.4,"d":"51.40"},{"v":6207.06,"d":"6,207.06"},{"v":0,"d":"0.00"},{"v":0,"d":"0.00"},{"v":51.4,"d":"51.40"},{"v":6207.064,"d":"6,207.06"},{"v":21,"d":"21.00"},{"v":7510.542600000001,"d":"7,510.54"},{"v":0,"d":"0.00000"},{"v":0,"d":"0.00000"},{"v":0,"d":"0.00000"},{"v":0,"d":"0.00000"},null,"RTS 25/ I","RTS 25/ I",0.08,{"v":9.6608,"d":"9.66"},null,"Práce","Běžná",{"$nulls":7},"POL1_"]
[null,null,"místnost č. : ",{"$nulls":29},"VV",0]
[null,null,"001 : 15,4",null,{"v":15.4,"d":"15.40000"},{"$nulls":27},"VV",0]
[null,null,"002 : 4,2",null,{"v":4.2,"d":"4.20000"},{"$nulls":27},"VV",0]
[null,null,"003 : 3,36",null,{"v":3.36,"d":"3.36000"},{"$nulls":27},"VV",0]
[null,null,"006 : 21,7",null,{"v":21.7,"d":"21.70000"},{"$nulls":27},"VV",0]
[null,null,"008 : 5,5",null,{"v":5.5,"d":"5.50000"},{"$nulls":27},"VV",0]
[null,null,"023 : 3,2",null,{"v":3.2,"d":"3.20000"},{"$nulls":27},"VV",0]
[null,null,"009 : 42,5",null,{"v":42.5,"d":"42.50000"},{"$nulls":27},"VV",0]
[null,null,"012 : 4,0",null,{"v":4,"d":"4.00000"},{"$nulls":27},"VV",0]
[null,null,"018 : 13,3",null,{"v":13.3,"d":"13.30000"},{"$nulls":27},"VV",0]
[null,null,"017 : 3,0",null,{"v":3,"d":"3.00000"},{"$nulls":27},"VV",0]
[null,null,"015 : 4,6",null,{"v":4.6,"d":"4.60000"},{"$nulls":27},"VV",0]
[26,"771475014R00","Montáž soklíků rovných z dlaždic keramických, do tmele, výšky do 100 mm","m",{"v":73.3,"d":"73.30000"},{"v":182,"d":"182.00"},{"v":13340.6,"d":"13,340.60"},16.09,{"v":1179.397,"d":"1,179.40"},165.91,{"v":12161.203,"d":"12,161.20"},{"v":21,"d":"21.00"},{"v":16142.126,"d":"16,142.13"},0.00032,{"v":0.023456,"d":"0.02346"},{"v":0,"d":"0.00000"},{"v":0,"d":"0.00000"},null,"RTS 25/ I","RTS 25/ I",{"v":0.236,"d":"0.24"},{"v":17.2988,"d":"17.30"},null,"Práce","Běžná",{"$nulls":7},"POL1_"]
[null,null,"chodby : ",{"$nulls":29},"VV",0]
[null,null,"levá část, 001 : (5,4+2,7)*2-0,7-1,5",null,{"v":14,"d":"14.00000"},{"$nulls":27},"VV",0]
[null,null,"006 : (8,25+2,7)*2-0,9-0,9-1,5",null,{"v":18.6,"d":"18.60000"},{"$nulls":27},"VV",0]
[null,null,"008 : 3,6+0,3+1,2+2,55",null,{"v":7.65,"d":"7.65000"},{"$nulls":27},"VV",0]
[null,null,"023 : (2,1+1,5)*2-0,8-0,8",null,{"v":5.6,"d":"5.60000"},{"$nulls":27},"VV",0]
[null,null,"pravá část, 012 : (2,55+1,5)*2-0,8-0,6-1,2",null,{"v":5.5,"d":"5.50000"},{"$nulls":27},"VV",0]
[null,null,"018 : 8,85*2+0,25-1,2-0,8*4",null,{"v":13.55,"d":"13.55000"},{"$nulls":27},"VV",0]
[null,null,"017 : (3,2+1,0)*2",null,{"v":8.4,"d":"8.40000"},{"$nulls":27},"VV",0]
[27,"771479001R00","Řezání dlaždic keramických pro soklíky","m",{"v":73.3,"d":"73.30000"},{"v":128,"d":"128.00"},{"v":9382.4,"d":"9,382.40"},5.66,{"v":414.878,"d":"414.88"},122.34,{"v":8967.521999999999,"d":"8,967.52"},{"v":21,"d":"21.00"},{"v":11352.704,"d":"11,352.70"},{"v":0,"d":"0.00000"},{"v":0,"d":"0.00000"},{"v":0,"d":"0.00000"},{"v":0,"d":"0.00000"},null,"RTS 25/ I","RTS 25/ I",{"v":0.154,"d":"0.15"},{"v":11.2882,"d":"11.29"},null,"Práce","Běžná",{"$nulls":7},"POL1_"]
[null,null,"?chodby? : ",{"$nulls":29},"VV",0]
[null,null,"Odkaz na mn. položky pořadí 26 : 73,30000",null,{"v":73.3,"d":"73.30000"},{"$nulls":27},"VV",5]
[28,"23596052.AR","Penetrace Mapei Eco Prim GRIP","kg",{"v":36.228,"d":"36.22800"},{"v":149,"d":"149.00"},{"v":5397.97,"d":"5,397.97"},{"v":149,"d":"149.00"},{"v":5397.972000000001,"d":"5,397.97"},{"v":0,"d":"0.00"},{"v":0,"d":"0.00"},{"v":21,"d":"21.00"},{"v":6531.5437,"d":"6,531.54"},{"v":1E-3,"d":"0.00100"},{"v":0.036228,"d":"0.03623"},{"v":0,"d":"0.00000"},{"v":0,"d":"0.00000"},"SPCM","RTS 25/ I","Indiv",{"v":0,"d":"0.00"},{"v":0,"d":"0.00"},null,"Specifikace","Běžná",{"$nulls":7},"POL3_"]
[null,null,"spotřeba 0,3 kg/m2 : 120,76*0,3",null,{"v":36.228,"d":"36.22800"},{"$nulls":27},"VV",0]
[29,"597643023R","Dlažba keramická bez glazury (UGL); tl. = 9,0 mm; a = 198 mm; b = 198 mm; nasákavost = 0,5 %; protiskluznost: R12; povrch: reliéfní, matný; barva: šedá","m2",{"v":9.8955,"d":"9.89550"},{"v":696,"d":"696.00"},{"v":6887.27,"d":"6,887.27"},{"v":696,"d":"696.00"},{"v":6887.268,"d":"6,887.27"},{"v":0,"d":"0.00"},{"v":0,"d":"0.00"},{"v":21,"d":"21.00"},{"v":8333.5967,"d":"8,333.60"},{"v":0.0192,"d":"0.01920"},{"v":0.18999359999999998,"d":"0.18999"},{"v":0,"d":"0.00000"},{"v":0,"d":"0.00000"},"SPCM","RTS 24/ II","Indiv",{"v":0,"d":"0.00"},{"v":0,"d":"0.00"},null,"Specifikace","Běžná",{"$nulls":7},"POL3_"]
[null,null,"1,5 dlaždice na 1m soklíku : 73,3*1,5*0,3*0,3",null,{"v":9.8955,"d":"9.89550"},{"$nulls":27},"VV",0]
["Díl:","776","Podlahy a stěny povlakové",{"$nulls":3},{"v":39505.16,"d":"39,505.16"},null,{"v":25467.46,"d":"25,467.46"},null,{"v":14037.7,"d":"14,037.70"},{"$nulls":21},"DIL"]
[30,"632411110RT1","Samonivelační stěrka Cemix, ruční zpracování tl. 10 mm samonivelační polymercementová stěrka Cemix 20 MPa","m2",{"v":27.34,"d":"27.34000"},{"v":647,"d":"647.00"},{"v":17688.98,"d":"17,688.98"},456.18,{"v":12471.9612,"d":"12,471.96"},190.82,{"v":5217.0188,"d":"5,217.02"},{"v":21,"d":"21.00"},{"v":21403.6658,"d":"21,403.67"},0.01785,{"v":0.48801900000000004,"d":"0.48802"},{"v":0,"d":"0.00000"},{"v":0,"d":"0.00000"},null,"RTS 25/ I","RTS 25/ I",{"v":0.282,"d":"0.28"},{"v":7.709879999999999,"d":"7.71"},null,"Práce","Běžná",{"$nulls":7},"POL1_"]
[null,null,"místnost 005 : 16",null,{"v":16,"d":"16.00000"},{"$nulls":27},"VV",0]
[null,null,"místnost 007 : 5,4*2,1",null,{"v":11.34,"d":"11.34000"},{"$nulls":27},"VV",0]
[31,"776981112RU2","Lišta hliníková přechodová, stejná výška povlakové podlahy profil 25/F, na hmoždinky, šířky 35 mm","m",{"v":5.4,"d":"5.40000"},{"v":403.5,"d":"403.50"},{"v":2178.9,"d":"2,178.90"},206.88,{"v":1117.152,"d":"1,117.15"},196.62,{"v":1061.748,"d":"1,061.75"},{"v":21,"d":"21.00"},{"v":2636.469,"d":"2,636.47"},{"v":0.0004,"d":"0.00040"},{"v":2.1600000000000005E-3,"d":"0.00216"},{"v":0,"d":"0.00000"},{"v":0,"d":"0.00000"},null,"RTS 25/ I","RTS 25/ I",0.28,{"v":1.5120000000000002,"d":"1.51"},null,"Práce","Běžná",{"$nulls":7},"POL1_"]
[null,null,"místnost 007 : 5,4",null,{"v":5.4,"d":"5.40000"},{"$nulls":27},"VV",0]
[32,"776981124R00","Lišta nerezová podlahová krycí, povlakové podlahy","m",{"v":4,"d":"4.00000"},{"v":665,"d":"665.00"},{"v":2660,"d":"2,660.00"},558.25,{"v":2233,"d":"2,233.00"},106.75,{"v":427,"d":"427.00"},{"v":21,"d":"21.00"},{"v":3218.6,"d":"3,218.60"},0.00074,{"v":2.96E-3,"d":"0.00296"},{"v":0,"d":"0.00000"},{"v":0,"d":"0.00000"},null,"RTS 25/ I","RTS 25/ I",{"v":0.152,"d":"0.15"},{"v":0.608,"d":"0.61"},null,"Práce","Běžná",{"$nulls":7},"POL1_"]
[null,null,"ukončení výškového rozdílu : 1,0+3,0",null,{"v":4,"d":"4.00000"},{"$nulls":27},"VV",0]
[33,"776520110RAB","Podlahy povlakové z PVC podlahovina heterogenní protiskluzná, tl. 2,0 mm, z pásů, včetně soklíku, včetně vyrovnání podkladu samonivelační stěrkou, Penetrace na bázi vodné disperze","m2",{"v":12.94,"d":"12.94000"},{"v":1312,"d":"1,312.00"},{"v":16977.28,"d":"16,977.28"},745.39,{"v":9645.346599999999,"d":"9,645.35"},566.61,{"v":7331.9334,"d":"7,331.93"},{"v":21,"d":"21.00"},{"v":20542.5088,"d":"20,542.51"},0.01195,{"v":0.154633,"d":"0.15463"},{"v":0,"d":"0.00000"},{"v":0,"d":"0.00000"},null,"RTS 25/ I","Indiv",{"v":0.82101,"d":"0.82"},{"v":10.6238694,"d":"10.62"},null,"Agregovaná položka","Běžná",{"$nulls":7},"POL2_"]
[null,null,"lepení a dodávka podlahoviny z PVC, bez podkladu. Svaření podlahoviny. Dodávka a lepení podlahových soklíků z měkčeného PVC. Pastování a vyleštění podlah.",{"$nulls":29},"POP",{"$nulls":19},{"$f":"C108","v":"lepení a dodávka podlahoviny z PVC, bez podkladu. Svaření podlahoviny. Dodávka a lepení podlahových soklíků z měkčeného PVC. Pastování a vyleštění podlah."}]
[null,null,"polymer-křemičitého pojiva; funkce: zpevnění povrchu, úprava savosti; ředidlo: voda (disperzní)",{"$nulls":29},"POP"]
[null,null,"místnost 007 : 5,4*2,1",null,{"v":11.34,"d":"11.34000"},{"$nulls":27},"VV",0]
[null,null,"svislé plochy : (1,0+3,0)*0,4",null,{"v":1.6,"d":"1.60000"},{"$nulls":27},"VV",0]
["Díl:","781","Obklady keramické",{"$nulls":3},{"v":12949.05,"d":"12,949.05"},null,{"v":4184,"d":"4,184.00"},null,{"v":8765.05,"d":"8,765.05"},{"$nulls":21},"DIL"]
[34,"781101111R00","Příprava podkladu před provedením obkladu vyrovnání podkladu maltou ze SMS tl. do 7 mm","m2",{"v":7.9,"d":"7.90000"},{"v":227.5,"d":"227.50"},{"v":1797.25,"d":"1,797.25"},{"v":0,"d":"0.00"},{"v":0,"d":"0.00"},{"v":227.5,"d":"227.50"},{"v":1797.25,"d":"1,797.25"},{"v":21,"d":"21.00"},{"v":2174.6725,"d":"2,174.67"},{"v":0,"d":"0.00000"},{"v":0,"d":"0.00000"},{"v":0,"d":"0.00000"},{"v":0,"d":"0.00000"},null,"RTS 25/ I","Indiv",0.33,{"v":2.607,"d":"2.61"},null,"Práce","Běžná",{"$nulls":7},"POL1_"]
[null,null,"doplnění obkladů v kuchyni : 1,5",null,{"v":1.5,"d":"1.50000"},{"$nulls":27},"VV",0]
[null,null,"větší výměra v dětském wc : 6,4",null,{"v":6.4,"d":"6.40000"},{"$nulls":27},"VV",0]
[35,"781230121R00","Obkládání stěn vnitřních z obkladaček keramických do tmele velikosti přes 100 x 100 do 300 x 300 mm","m2",{"v":7.9,"d":"7.90000"},{"v":882,"d":"882.00"},{"v":6967.8,"d":"6,967.80"},{"v":0,"d":"0.00"},{"v":0,"d":"0.00"},{"v":882,"d":"882.00"},{"v":6967.8,"d":"6,967.80"},{"v":21,"d":"21.00"},{"v":8431.038,"d":"8,431.04"},{"v":0,"d":"0.00000"},{"v":0,"d":"0.00000"},{"v":0,"d":"0.00000"},{"v":0,"d":"0.00000"},null,"RTS 25/ I","Indiv",1.14,{"v":9.006,"d":"9.01"},null,"Práce","Běžná",{"$nulls":7},"POL1_"]
[null,null,"hutných a polohutných, do tmele, kladených rovnoběžně s podlahou,",{"$nulls":29},"POP"]
[null,null,"doplnění obkladů v kuchyni : 1,5",null,{"v":1.5,"d":"1.50000"},{"$nulls":27},"VV",0]
[null,null,"větší výměra v dětském wc : 6,4",null,{"v":6.4,"d":"6.40000"},{"$nulls":27},"VV",0]
[36,"59781345R","Obkládačka keramická RAKO Color One 150 x 150 x 6,0 mm, bílá","m2",{"v":2,"d":"2.00000"},{"v":414,"d":"414.00"},{"v":828,"d":"828.00"},{"v":414,"d":"414.00"},{"v":828,"d":"828.00"},{"v":0,"d":"0.00"},{"v":0,"d":"0.00"},{"v":21,"d":"21.00"},{"v":1001.88,"d":"1,001.88"},{"v":0.01,"d":"0.01000"},{"v":0.02,"d":"0.02000"},{"v":0,"d":"0.00000"},{"v":0,"d":"0.00000"},"SPCM","RTS 25/ I","RTS 25/ I",{"v":0,"d":"0.00"},{"v":0,"d":"0.00"},null,"Specifikace","Běžná",{"$nulls":7},"POL3_"]
[null,null,"doplnění obkladů v kuchyni : 2",null,{"v":2,"d":"2.00000"},{"$nulls":27},"VV",0]
[37,"597813622R","Obklad keramický s glazurou (GL); dl = 198 mm; š = 198 mm; tl = 6,5 mm; barva: dle vzorníku","m2",{"v":8,"d":"8.00000"},{"v":419.5,"d":"419.50"},{"v":3356,"d":"3,356.00"},{"v":419.5,"d":"419.50"},{"v":3356,"d":"3,356.00"},{"v":0,"d":"0.00"},{"v":0,"d":"0.00"},{"v":21,"d":"21.00"},{"v":4060.7599999999998,"d":"4,060.76"},{"v":0.0112,"d":"0.01120"},{"v":0.0896,"d":"0.08960"},{"v":0,"d":"0.00000"},{"v":0,"d":"0.00000"},"SPCM","RTS 25/ I","Indiv",{"v":0,"d":"0.00"},{"v":0,"d":"0.00"},null,"Specifikace","Běžná",{"$nulls":7},"POL3_"]
[null,null,"větší výměra v dětském wc : 8,0",null,{"v":8,"d":"8.00000"},{"$nulls":27},"VV",0]
["Díl:","D96","Přesuny suti a vybouraných hmot",{"$nulls":3},{"v":37205.21,"d":"37,205.21"},null,{"v":0,"d":"0.00"},null,{"v":37205.21,"d":"37,205.21"},{"$nulls":21},"DIL"]
[38,"167101201R00","Nakládání výkopku + suti - ručně","m3",{"v":19.41,"d":"19.41000"},{"v":1027,"d":"1,027.00"},{"v":19934.07,"d":"19,934.07"},{"v":0,"d":"0.00"},{"v":0,"d":"0.00"},{"v":1027,"d":"1,027.00"},{"v":19934.07,"d":"19,934.07"},{"v":21,"d":"21.00"},{"v":24120.2247,"d":"24,120.22"},{"v":0,"d":"0.00000"},{"v":0,"d":"0.00000"},{"v":0,"d":"0.00000"},{"v":0,"d":"0.00000"},null,"RTS 25/ I","Indiv",{"v":1.938,"d":"1.94"},{"v":37.61658,"d":"37.62"},null,"Práce","Běžná",{"$nulls":7},"POL1_"]
[39,"979999997R00","Poplatek za recyklaci směsi suti betonu, cihel, tašek a keram.výrobků, kusovost do 1600 cm2 (170107)","t",{"v":38.0841,"d":"38.08410"},{"v":453.5,"d":"453.50"},{"v":17271.14,"d":"17,271.14"},{"v":0,"d":"0.00"},{"v":0,"d":"0.00"},{"v":453.5,"d":"453.50"},{"v":17271.13935,"d":"17,271.14"},{"v":21,"d":"21.00"},{"v":20898.0794,"d":"20,898.08"},{"v":0,"d":"0.00000"},{"v":0,"d":"0.00000"},{"v":0,"d":"0.00000"},{"v":0,"d":"0.00000"},null,"RTS 25/ I","Indiv",{"v":0,"d":"0.00"},{"v":0,"d":"0.00"},null,"Práce","Běžná",{"$nulls":7},"POL1_"]
[null,null,"17 107",{"$nulls":29},"POP"]
[{"$nulls":30},12,21,"DPH"]
[{"$nulls":32},"END"]

{"sheet":"SO 03 2 Pol","index":4,"n_rows":20,"n_cols":53,"rows_kept":20,"merged":[[0,0,0,6],[1,2,1,6],[2,2,2,6],[3,2,3,6],[9,2,9,6],[10,2,10,6]]}
["Položkový rozpočet ",{"$nulls":31},"#TypZaznamu#"]
["S:","25_044_N","Oprava rozvodů ležaté kanalizace v MŠ Dvořákova 23",{"$nulls":29},"STA"]
["O:","SO 03","Víceprace, Méněpráce ",{"$nulls":25},"STA",{"$nulls":3},"OBJ"]
["R:","2","Rozpočet MNP, Levá část_01",{"$nulls":29},"ROZ"]
[]
["P.č.","Číslo položky","Název položky","MJ","Množství","Cena / MJ","Celkem","Dodávka","Dodávka celk.","Montáž","Montáž celk.","DPH","Cena s DPH","Hmotnost / MJ","Hmotnost celk.(t)","Dem. hmotnost / MJ","Dem. hmotnost celk.(t)","Ceník","Cen. soustava / platnost","Cenová úroveň","Nhod / MJ","Nhod celk.","Dodavatel","Typ položky","Stav položky"]
[]
["Díl:","8","Trubní vedení",{"$nulls":3},{"v":-24500,"d":"-24,500.00"},null,{"v":-4098.75,"d":"-4,098.75"},null,{"v":-20401.25,"d":"-20,401.25"},{"$nulls":21},"DIL"]
[1,"831350013RAD","Kanalizace z trub plastových D 200 mm, hloubka 3,0 m, Koleno plastové pro venkovní kanalizaci typ: jednoznačné; spoj: hrdlový; potrubí: jednovrstvé; materiál: PVC-U; povrch: hladký; úhel = 45,0 °; DN","m",{"v":-5,"d":"-5.00000"},{"v":4900,"d":"4,900.00"},{"v":-24500,"d":"-24,500.00"},819.75,{"v":-4098.75,"d":"-4,098.75"},{"v":4080.25,"d":"4,080.25"},{"v":-20401.25,"d":"-20,401.25"},{"v":21,"d":"21.00"},{"v":-29645,"d":"-29,645.00"},0.96975,-4.84875,{"v":0,"d":"0.00000"},{"v":0,"d":"0.00000"},null,"RTS 25/ I","Indiv",{"v":7.92494,"d":"7.92"},{"v":-39.624700000000004,"d":"-39.62"},null,"Agregovaná položka","Běžná",{"$nulls":7},"POL2_"]
[null,null,"hloubení rýh zapažených, šířky do 200 cm, hloubky 2 m, v hornině 3 (včetně příplatku za lepivost), pažení a rozepření rýh příložné (pro jakoukoliv mezerovitost) včetně přepažování rozepření a odstranění, s uložením materiálu do 3 m od okraje výkopu, svislé přemístění výkopku, s naložením přebytku po zásypu (0,08 - 2,22 m3/m rýhy) na dopravní prostředek, s odvozem do 6 km a uložením na skládku, lože pod potrubí z písku a štěrkopísku do 63 mm, dodávka a montáž potrubí z trub PVC hrdlových, obsyp potrubí kamenivem fr. 4-8 mm,  zhutnění, zásyp rýhy vytěženou zeminou, s uložením ve vrstvách, se zhutněním.",{"$nulls":29},"POP",{"$nulls":19},{"$f":"C10","v":"hloubení rýh zapažených, šířky do 200 cm, hloubky 2 m, v hornině 3 (včetně příplatku za lepivost), pažení a rozepření rýh příložné (pro jakoukoliv mezerovitost) včetně přepažování rozepření a odstranění, s uložením materiálu do 3 m od okraje výkopu, svislé přemístění výkopku, s naložením přebytku po zásypu (0,08 - 2,22 m3/m rýhy) na dopravní prostředek, s odvozem do 6 km a uložením na skládku, lože pod potrubí z písku a štěrkopísku do 63 mm, dodávka a montáž potrubí z trub PVC hrdlových, obsyp potrubí kamenivem fr. 4-8 mm,  zhutnění, zásyp rýhy vytěženou zeminou, s uložením ve vrstvách, se zhutněním."}]
[null,null,"=...",{"$nulls":29},"POP"]
["Díl:","721","Vnitřní kanalizace",{"$nulls":3},{"v":-402,"d":"-402.00"},null,{"v":-402,"d":"-402.00"},null,{"v":0,"d":"0.00"},{"$nulls":21},"DIL"]
[2,"28651841.AR","Kus čisticí plastový pro venkovní kanalizaci typ: přímý; spoj: hrdlový; potrubí: jednovrstvé; materiál: PVC-U; povrch: hladký; DN = 125; SDR 41,0; SN 8","kus",{"v":-1,"d":"-1.00000"},{"v":402,"d":"402.00"},{"v":-402,"d":"-402.00"},{"v":402,"d":"402.00"},{"v":-402,"d":"-402.00"},{"v":0,"d":"0.00"},{"v":0,"d":"0.00"},{"v":21,"d":"21.00"},{"v":-486.41999999999996,"d":"-486.42"},0.00071,-0.00071,{"v":0,"d":"0.00000"},{"v":0,"d":"0.00000"},"SPCM","RTS 25/ I","Indiv",{"v":0,"d":"0.00"},{"v":0,"d":"0.00"},null,"Specifikace","Běžná",{"$nulls":7},"POL3_"]
["Díl:","784","Malby",{"$nulls":3},{"v":-7436.4,"d":"-7,436.40"},null,{"v":-1734.23,"d":"-1,734.23"},null,{"v":-5702.17,"d":"-5,702.17"},{"$nulls":21},"DIL"]
[3,"784121101R00","Příprava povrchu Penetrace (napouštění) podkladu akrylát, jednonásobná","m2",{"v":-70,"d":"-70.00000"},{"v":31.6,"d":"31.60"},{"v":-2212,"d":"-2,212.00"},9.49,{"v":-664.3000000000001,"d":"-664.30"},22.11,{"v":-1547.7,"d":"-1,547.70"},{"v":21,"d":"21.00"},{"v":-2676.52,"d":"-2,676.52"},{"v":1E-4,"d":"0.00010"},{"v":-0.007,"d":"-0.00700"},{"v":0,"d":"0.00000"},{"v":0,"d":"0.00000"},null,"RTS 25/ I","Indiv",{"v":0.03248,"d":"0.03"},{"v":-2.2736,"d":"-2.27"},null,"Práce","Běžná",{"$nulls":7},"POL1_"]
[4,"784128201R00","Příprava povrchu Izolování podkladu jednonásobné","m2",{"v":-2.2,"d":"-2.20000"},{"v":77,"d":"77.00"},{"v":-169.4,"d":"-169.40"},8.74,{"v":-19.228,"d":"-19.23"},68.26,{"v":-150.17200000000003,"d":"-150.17"},{"v":21,"d":"21.00"},{"v":-204.974,"d":"-204.97"},0.00017,{"v":-3.7400000000000004E-4,"d":"-0.00037"},{"v":0,"d":"0.00000"},{"v":0,"d":"0.00000"},null,"RTS 25/ I","Indiv",{"v":0.09968,"d":"0.10"},{"v":-0.21929600000000002,"d":"-0.22"},null,"Práce","Běžná",{"$nulls":7},"POL1_"]
[5,"784122112R00","Malby vápenné se začištěním  , bílé, dvojnásobné","m2",{"v":-30,"d":"-30.00000"},{"v":83.5,"d":"83.50"},{"v":-2505,"d":"-2,505.00"},13.99,{"v":-419.7,"d":"-419.70"},69.51,{"v":-2085.3,"d":"-2,085.30"},{"v":21,"d":"21.00"},{"v":-3031.0499999999997,"d":"-3,031.05"},0.00028,{"v":-0.0084,"d":"-0.00840"},{"v":0,"d":"0.00000"},{"v":0,"d":"0.00000"},null,"RTS 25/ I","Indiv",{"v":0.10191,"d":"0.10"},{"v":-3.0573,"d":"-3.06"},null,"Práce","Běžná",{"$nulls":7},"POL1_"]
[6,"784011221RT2","Ostatní práce zakrytí předmětů,  , včetně dodávky fólie tl. 0,04 mm","m2",{"v":-100,"d":"-100.00000"},{"v":25.5,"d":"25.50"},{"v":-2550,"d":"-2,550.00"},6.31,{"v":-631,"d":"-631.00"},19.19,{"v":-1919.0000000000002,"d":"-1,919.00"},{"v":21,"d":"21.00"},{"v":-3085.5,"d":"-3,085.50"},{"v":1e-05,"d":"0.00001"},{"v":-1E-3,"d":"-0.00100"},{"v":0,"d":"0.00000"},{"v":0,"d":"0.00000"},null,"RTS 25/ I","Indiv",{"v":0.029,"d":"0.03"},{"v":-2.9000000000000004,"d":"-2.90"},null,"Práce","Běžná",{"$nulls":7},"POL1_"]
[{"$nulls":30},12,21,"DPH"]
[{"$nulls":32},"END"]

{"sheet":"SO 03 3 Pol","index":5,"n_rows":23,"n_cols":53,"rows_kept":23,"merged":[[0,0,0,6],[1,2,1,6],[2,2,2,6],[3,2,3,6],[9,2,9,6],[11,2,11,6],[12,2,12,6]]}
["Položkový rozpočet ",{"$nulls":31},"#TypZaznamu#"]
["S:","25_044_N","Oprava rozvodů ležaté kanalizace v MŠ Dvořákova 23",{"$nulls":29},"STA"]
["O:","SO 03","Víceprace, Méněpráce ",{"$nulls":25},"STA",{"$nulls":3},"OBJ"]
["R:","3","Rozpočet MNP, Pravá část_01",{"$nulls":29},"ROZ"]
[]
["P.č.","Číslo položky","Název položky","MJ","Množství","Cena / MJ","Celkem","Dodávka","Dodávka celk.","Montáž","Montáž celk.","DPH","Cena s DPH","Hmotnost / MJ","Hmotnost celk.(t)","Dem. hmotnost / MJ","Dem. hmotnost celk.(t)","Ceník","Cen. soustava / platnost","Cenová úroveň","Nhod / MJ","Nhod celk.","Dodavatel","Typ položky","Stav položky"]
[]
["Díl:","8","Trubní vedení",{"$nulls":3},{"v":-28429,"d":"-28,429.00"},null,{"v":-2911.86,"d":"-2,911.86"},null,{"v":-25517.14,"d":"-25,517.14"},{"$nulls":21},"DIL"]
[1,"114211303R00","Odstranění trubního vedení ve výkopu z trub kameninových, DN 300 mm","m",{"v":-5,"d":"-5.00000"},{"v":272.5,"d":"272.50"},{"v":-1362.5,"d":"-1,362.50"},{"v":0,"d":"0.00"},{"v":0,"d":"0.00"},{"v":272.5,"d":"272.50"},{"v":-1362.5,"d":"-1,362.50"},{"v":21,"d":"21.00"},{"v":-1648.625,"d":"-1,648.63"},{"v":0,"d":"0.00000"},{"v":0,"d":"0.00000"},{"v":0.1,"d":"0.10000"},{"v":-0.5,"d":"-0.50000"},null,"Vlastní","Indiv",0.41,-2.05,null,"Práce","Běžná",{"$nulls":7},"POL1_"]
[null,null,"s přemístěním suti na hromady na vzdálenost do 5 m nebo s uložením na dopravní prostředek.",{"$nulls":29},"POP"]
[2,"831350013RAD","Kanalizace z trub plastových D 200 mm, hloubka 3,0 m, Koleno plastové pro venkovní kanalizaci typ: jednoznačné; spoj: hrdlový; potrubí: jednovrstvé; materiál: PVC-U; povrch: hladký; úhel = 45,0 °; DN","m",{"v":-5,"d":"-5.00000"},{"v":4900,"d":"4,900.00"},{"v":-24500,"d":"-24,500.00"},562.77,{"v":-2813.85,"d":"-2,813.85"},{"v":4337.23,"d":"4,337.23"},{"v":-21686.149999999998,"d":"-21,686.15"},{"v":21,"d":"21.00"},{"v":-29645,"d":"-29,645.00"},0.96975,-4.84875,{"v":0,"d":"0.00000"},{"v":0,"d":"0.00000"},null,"RTS 25/ I","Indiv",{"v":14.44656,"d":"14.45"},{"v":-72.2328,"d":"-72.23"},null,"Agregovaná položka","Běžná",{"$nulls":7},"POL2_"]
[null,null,"hloubení rýh zapažených, šířky do 200 cm, hloubky 2 m, v hornině 3 (včetně příplatku za lepivost), pažení a rozepření rýh příložné (pro jakoukoliv mezerovitost) včetně přepažování rozepření a odstranění, s uložením materiálu do 3 m od okraje výkopu, svislé přemístění výkopku, s naložením přebytku po zásypu (0,08 - 2,22 m3/m rýhy) na dopravní prostředek, s odvozem do 6 km a uložením na skládku, lože pod potrubí z písku a štěrkopísku do 63 mm, dodávka a montáž potrubí z trub PVC hrdlových, obsyp potrubí kamenivem fr. 4-8 mm,  zhutnění, zásyp rýhy vytěženou zeminou, s uložením ve vrstvách, se zhutněním.",{"$nulls":29},"POP",{"$nulls":19},{"$f":"C12","v":"hloubení rýh zapažených, šířky do 200 cm, hloubky 2 m, v hornině 3 (včetně příplatku za lepivost), pažení a rozepření rýh příložné (pro jakoukoliv mezerovitost) včetně přepažování rozepření a odstranění, s uložením materiálu do 3 m od okraje výkopu, svislé přemístění výkopku, s naložením přebytku po zásypu (0,08 - 2,22 m3/m rýhy) na dopravní prostředek, s odvozem do 6 km a uložením na skládku, lože pod potrubí z písku a štěrkopísku do 63 mm, dodávka a montáž potrubí z trub PVC hrdlových, obsyp potrubí kamenivem fr. 4-8 mm,  zhutnění, zásyp rýhy vytěženou zeminou, s uložením ve vrstvách, se zhutněním."}]
[null,null,"=...",{"$nulls":29},"POP"]
[3,"831990010RA0","Příplatky k cenám trubního vedení za každých dalších 50 cm hloubky rýhy, při šířce rýhy do 1,00 m","m",{"v":-3,"d":"-3.00000"},{"v":855.5,"d":"855.50"},{"v":-2566.5,"d":"-2,566.50"},32.67,-98.01,822.83,{"v":-2468.4900000000002,"d":"-2,468.49"},{"v":21,"d":"21.00"},{"v":-3105.4649999999997,"d":"-3,105.47"},{"v":1.08E-3,"d":"0.00108"},-0.00324,{"v":0,"d":"0.00000"},{"v":0,"d":"0.00000"},null,"RTS 25/ I","Indiv",{"v":2.38464,"d":"2.38"},{"v":-7.15392,"d":"-7.15"},null,"Agregovaná položka","Běžná",{"$nulls":7},"POL2_"]
["Díl:","721","Vnitřní kanalizace",{"$nulls":3},{"v":-5460,"d":"-5,460.00"},null,{"v":-5239.66,"d":"-5,239.66"},null,-220.34,{"$nulls":21},"DIL"]
[4,"721223424R00","Vpusť podlahová se zápachovou uzávěrkou průměr 50, 75 110 mm, se svislým odtokem,147x147mm/138x138mm , včetně dodávky materiálu","kus",{"v":-2,"d":"-2.00000"},{"v":2730,"d":"2,730.00"},{"v":-5460,"d":"-5,460.00"},{"v":2619.83,"d":"2,619.83"},{"v":-5239.66,"d":"-5,239.66"},110.17,-220.34,{"v":21,"d":"21.00"},{"v":-6606.599999999999,"d":"-6,606.60"},0.00118,-0.00236,{"v":0,"d":"0.00000"},{"v":0,"d":"0.00000"},null,"RTS 25/ I","Indiv",{"v":0.2,"d":"0.20"},{"v":-0.4,"d":"-0.40"},null,"Práce","Běžná",{"$nulls":7},"POL1_"]
["Díl:","784","Malby",{"$nulls":3},{"v":-7436.4,"d":"-7,436.40"},null,{"v":-1734.23,"d":"-1,734.23"},null,{"v":-5702.17,"d":"-5,702.17"},{"$nulls":21},"DIL"]
[5,"784121101R00","Příprava povrchu Penetrace (napouštění) podkladu akrylát, jednonásobná","m2",{"v":-70,"d":"-70.00000"},{"v":31.6,"d":"31.60"},{"v":-2212,"d":"-2,212.00"},9.49,{"v":-664.3000000000001,"d":"-664.30"},22.11,{"v":-1547.7,"d":"-1,547.70"},{"v":21,"d":"21.00"},{"v":-2676.52,"d":"-2,676.52"},{"v":1E-4,"d":"0.00010"},{"v":-0.007,"d":"-0.00700"},{"v":0,"d":"0.00000"},{"v":0,"d":"0.00000"},null,"RTS 25/ I","Indiv",{"v":0.03248,"d":"0.03"},{"v":-2.2736,"d":"-2.27"},null,"Práce","Běžná",{"$nulls":7},"POL1_"]
[6,"784128201R00","Příprava povrchu Izolování podkladu jednonásobné","m2",{"v":-2.2,"d":"-2.20000"},{"v":77,"d":"77.00"},{"v":-169.4,"d":"-169.40"},8.74,{"v":-19.228,"d":"-19.23"},68.26,{"v":-150.17200000000003,"d":"-150.17"},{"v":21,"d":"21.00"},{"v":-204.974,"d":"-204.97"},0.00017,{"v":-3.7400000000000004E-4,"d":"-0.00037"},{"v":0,"d":"0.00000"},{"v":0,"d":"0.00000"},null,"RTS 25/ I","Indiv",{"v":0.09968,"d":"0.10"},{"v":-0.21929600000000002,"d":"-0.22"},null,"Práce","Běžná",{"$nulls":7},"POL1_"]
[7,"784122112R00","Malby vápenné se začištěním  , bílé, dvojnásobné","m2",{"v":-30,"d":"-30.00000"},{"v":83.5,"d":"83.50"},{"v":-2505,"d":"-2,505.00"},13.99,{"v":-419.7,"d":"-419.70"},69.51,{"v":-2085.3,"d":"-2,085.30"},{"v":21,"d":"21.00"},{"v":-3031.0499999999997,"d":"-3,031.05"},0.00028,{"v":-0.0084,"d":"-0.00840"},{"v":0,"d":"0.00000"},{"v":0,"d":"0.00000"},null,"RTS 25/ I","Indiv",{"v":0.10191,"d":"0.10"},{"v":-3.0573,"d":"-3.06"},null,"Práce","Běžná",{"$nulls":7},"POL1_"]
[8,"784011221RT2","Ostatní práce zakrytí předmětů,  , včetně dodávky fólie tl. 0,04 mm","m2",{"v":-100,"d":"-100.00000"},{"v":25.5,"d":"25.50"},{"v":-2550,"d":"-2,550.00"},6.31,{"v":-631,"d":"-631.00"},19.19,{"v":-1919.0000000000002,"d":"-1,919.00"},{"v":21,"d":"21.00"},{"v":-3085.5,"d":"-3,085.50"},{"v":1e-05,"d":"0.00001"},{"v":-1E-3,"d":"-0.00100"},{"v":0,"d":"0.00000"},{"v":0,"d":"0.00000"},null,"RTS 25/ I","Indiv",{"v":0.029,"d":"0.03"},{"v":-2.9000000000000004,"d":"-2.90"},null,"Práce","Běžná",{"$nulls":7},"POL1_"]
[{"$nulls":30},12,21,"DPH"]
[{"$nulls":32},"END"]